[Event "AUT-ch (Women)"]
[Site "Gallspach"]
[Date "1997.07.30"]
[Round "3"]
[White "Hanel, Edith"]
[Black "Borek, Jutta"]
[Result "1/2-1/2"]
[WhiteElo "1835"]
[BlackElo "2093"]
[PlyCount "121"]
[EventDate "1997.07.28"]
[EventType "tourn"]
[EventRounds "11"]
[EventCountry "AUT"]
[SourceTitle "EXT 1999"]
[Source "ChessBase"]
[SourceDate "1998.11.16"]
[SourceVersion "1"]
[SourceVersionDate "1998.11.16"]
[SourceQuality "1"]

1. d4 Nf6 2. Nf3 e6 3. Bf4 b6 4. e3 Bb7 5. Bd3 c5 6. c3 d6 7. h3 Nbd7 8. 0-0 Be7 9. Qe2 0-0 10. Nbd2 a6 11. Nc4 Ne8 12. e4 b5 13. Ncd2 c4 14. Bc2 f6 15. Bg3 e5 16. Nh4 g6 17. Qg4 Ng7 18. Rfe1 Qe8 19. Qe2 Nh5 20. Rf1 Nxg3 21. fxg3 exd4 22. cxd4 Kg7 23. Rf4 f5 24. exf5 Bxh4 25. Qxe8 Raxe8 26. gxh4 Re2 27. Rf2 Rxf2 28. Kxf2 gxf5 29. Re1 Kf6 30. Re3 Rg8 31. Rg3 Re8 32. Re3 Rg8 33. Rg3 Rxg3 34. Kxg3 Nf8 35. Bd1 Ne6 36. Bf3 Bc8 37. d5 Nc7 38. Kf4 Bb7 39. g4 fxg4 40. Ne4+ Ke7 41. hxg4 Bxd5 42. g5 Ne6+ 43. Ke3 Ng7 44. Kf4 Bf7 45. Nf6 Ne6+ 46. Ke3 Bg6 47. Bg4 Nc5 48. Nd5+ Kd8 49. Nb4 Na4 50. b3 cxb3 51. axb3 Nc5 52. Nc6+ Kc7 53. Ne7 Bb1 54. b4 Nb7 55. Nd5+ Kd8 56. Nb6 Kc7 57. Nd5+ Kd8 58. Nb6 a5 59. Bf3 axb4 60. Bxb7 Kc7 61. Be4 1/2-1/2

[Event "AUT-ch (Women)"]
[Site "Gallspach"]
[Date "1997.07.28"]
[Round "1"]
[White "Hackbarth, Christa"]
[Black "Borek, Jutta"]
[Result "1/2-1/2"]
[WhiteElo "1729"]
[BlackElo "2093"]
[PlyCount "58"]
[EventDate "1997.07.28"]
[EventType "tourn"]
[EventRounds "11"]
[EventCountry "AUT"]
[SourceTitle "EXT 1999"]
[Source "ChessBase"]
[SourceDate "1998.11.16"]
[SourceVersion "1"]
[SourceVersionDate "1998.11.16"]
[SourceQuality "1"]

1. d4 Nf6 2. Nf3 g6 3. Bf4 d6 4. h3 Bg7 5. e3 Nbd7 6. Be2 0-0 7. 0-0 h6 8. Nbd2 Nh7 9. c3 e5 10. Bg3 Qe7 11. Qc2 f5 12. Bc4+ Kh8 13. Nh4 Qf6 14. f4 exf4 15. Rxf4 Ng5 16. Raf1 Nb6 17. Bb3 Be6 18. e4 Bxb3 19. axb3 Qe6 20. exf5 gxf5 21. Rxf5 Rxf5 22. Rxf5 Nd5 23. Qd3 Re8 24. Kh2 Kg8 25. Nhf3 Nxf3+ 26. Rxf3 Qe2 27. Qf5 Qe6 28. Qd3 Qe2 29. Qf5 Qe6 1/2-1/2